000 00714cam a22001934a 4500
001 14106014
005 20171125090411.0
008 050913s2005 pk 001 0 eng
020 _a9694150760
040 _cPK-LaUMT
082 _aTRC 956.1023
_bMUS-
245 0 0 _aMustafa Kemal Ataturk, modern Turkey and Pakistan :
_bsome aspects /
_cedited by Riaz Ahmad
260 _aIslamabad :
_bNational Institute of Historical and Cultural Research :
_bQuaid-iAzam Chair (NIPS), Quaid-i-Azam Univ.,
_c2005
300 _a156 p. ;
_c26 cm.
700 1 _aAhmad, Riaz.
710 2 _aNational Institute of Historical and Cultural Research (Pakistan).
710 2 _aNational Institute of Pakistan Studies.
942 _cTRC
999 _c100167
_d100167